[Event "DEM U14 2024"]
[Site "Willingen GER"]
[Date "2024.05.20"]
[Round "3"]
[White "Schöne, Finn"]
[Black "Mandalka, Justus"]
[Result "0-1"]
[Termination "normal"]
[Board "21"]
[WhiteElo "1815"]
[BlackElo "1837"]
[WhiteClock "00:18:30"]
[BlackClock "00:06:18"]
[PlyCount "120"]
[WhiteFideId "34623493"]
[BlackFideId "16298144"]
[EventCountry "GER"]
[EventRounds "9"]
[EventType "swiss"]
[EventDate "2024.05.18"]

1. d4 {[%clk 01:30:50]} {[%emt 00:00:05]} d5 {[%clk 01:30:57]} {[%emt
00:00:04]} 2. Nc3 {[%clk 01:30:53]} {[%emt 00:00:27]} Nf6 {[%clk 01:31:21]}
{[%emt 00:00:06]} 3. Bf4 {[%clk 01:31:18]} {[%emt 00:00:04]} a6 {[%clk
01:31:48]} {[%emt 00:00:03]} 4. e3 {[%clk 01:31:46]} {[%emt 00:00:03]} Bf5
{[%clk 01:32:07]} {[%emt 00:00:10]} 5. Nf3 {[%clk 01:31:54]} {[%emt 00:00:22]}
e6 {[%clk 01:32:21]} {[%emt 00:00:16]} 6. Ne5 {[%clk 01:32:18]} {[%emt
00:00:06]} Nbd7 {[%clk 01:32:29]} {[%emt 00:00:22]} 7. g4 {[%clk 01:31:38]}
{[%emt 00:01:10]} Nxe5 {[%clk 01:32:38]} {[%emt 00:00:21]} 8. dxe5 {[%clk
01:31:40]} {[%emt 00:00:29]} Nxg4 {[%clk 01:32:55]} {[%emt 00:00:12]} 9. Bd3
{[%emt 00:15:12]} Bxd3 {[%clk 01:24:33]} {[%emt 00:08:50]} 10. Qxd3 {[%clk
01:04:47]} {[%emt 00:12:42]} h5 {[%clk 01:20:37]} {[%emt 00:04:26]} 11. f3
{[%clk 01:02:58]} {[%emt 00:02:19]} Nh6 {[%clk 01:20:28]} {[%emt 00:00:39]} 12.
O-O-O {[%clk 01:03:02]} {[%emt 00:00:26]} Be7 {[%clk 01:09:50]} {[%emt
00:11:09]} 13. Rhg1 {[%clk 00:56:20]} {[%emt 00:07:12]} g6 {[%clk 01:10:06]}
{[%emt 00:00:15]} 14. e4 {[%clk 00:41:44]} {[%emt 00:15:05]} c6 {[%clk
01:06:59]} {[%emt 00:03:37]} 15. Qe3 {[%clk 00:40:04]} {[%emt 00:02:10]} Ng8
{[%clk 01:04:52]} {[%emt 00:02:36]} 16. exd5 {[%clk 00:39:55]} {[%emt
00:00:39]} cxd5 {[%clk 01:05:06]} {[%emt 00:00:17]} 17. Ne4 {[%clk 00:39:55]}
{[%emt 00:00:30]} Qc7 {[%clk 00:56:24]} {[%emt 00:09:12]} 18. Nd6+ {[%clk
00:35:34]} {[%emt 00:04:52]} Bxd6 {[%clk 00:46:07]} {[%emt 00:10:46]} 19. exd6
{[%clk 00:35:56]} {[%emt 00:00:08]} Qc6 {[%clk 00:43:36]} {[%emt 00:03:01]} 20.
Qe5 {[%clk 00:27:10]} {[%emt 00:09:17]} Rh7 {[%clk 00:41:28]} {[%emt 00:02:37]}
21. Rge1 {[%clk 00:21:43]} {[%emt 00:05:57]} Kd7 {[%clk 00:35:54]} {[%emt
00:06:04]} 22. Rd3 {[%clk 00:20:55]} {[%emt 00:01:17]} Rc8 {[%clk 00:31:43]}
{[%emt 00:04:41]} 23. Rc3 {[%clk 00:20:12]} {[%emt 00:01:13]} Qb6 {[%clk
00:31:33]} {[%emt 00:00:41]} 24. Rc7+ {[%clk 00:08:29]} {[%emt 00:12:12]} Rxc7
{[%clk 00:28:47]} {[%emt 00:03:17]} 25. dxc7 {[%clk 00:08:57]} {[%emt
00:00:01]} Ne7 {[%clk 00:27:18]} {[%emt 00:01:59]} 26. Qf6 {[%clk 00:09:03]}
{[%emt 00:00:24]} Nc6 {[%clk 00:23:36]} {[%emt 00:04:13]} 27. Rd1 {[%clk
00:06:44]} {[%emt 00:02:49]} Qc5 {[%clk 00:17:01]} {[%emt 00:07:04]} 28. c4
{[%clk 00:02:05]} {[%emt 00:05:10]} Qxc4+ {[%clk 00:10:49]} {[%emt 00:06:43]}
29. Kb1 {[%clk 00:02:24]} {[%emt 00:00:11]} Qc5 {[%clk 00:10:06]} {[%emt
00:01:12]} 30. Rc1 {[%clk 00:02:30]} {[%emt 00:00:24]} Qf8 {[%clk 00:10:26]}
{[%emt 00:00:10]} 31. Be5 {[%clk 00:01:00]} {[%emt 00:02:01]} Kc8 {[%clk
00:08:28]} {[%emt 00:02:27]} 32. Rxc6 {[%clk 00:00:46]} {[%emt 00:00:43]} bxc6
{[%clk 00:08:46]} {[%emt 00:00:12]} 33. Qf4 {[%clk 00:00:47]} {[%emt 00:00:29]}
f6 {[%clk 00:07:18]} {[%emt 00:01:58]} 34. Bd6 {[%clk 00:00:44]} {[%emt
00:00:32]} Qh8 {[%clk 00:07:00]} {[%emt 00:00:48]} 35. Qa4 {[%clk 00:00:37]}
{[%emt 00:00:38]} Kd7 {[%clk 00:07:07]} {[%emt 00:00:23]} 36. Qxa6 {[%clk
00:00:38]} {[%emt 00:00:29]} Qc8 {[%clk 00:07:13]} {[%emt 00:00:23]} 37. Qa3
{[%emt 00:00:14]} Rh8 {[%clk 00:05:27]} {[%emt 00:02:15]} 38. Qc5 {[%clk
00:01:20]} {[%emt 00:00:05]} Re8 {[%clk 00:04:17]} {[%emt 00:01:40]} 39. b4
{[%clk 00:01:08]} {[%emt 00:00:43]} e5 {[%clk 00:04:04]} {[%emt 00:00:42]} 40.
b5 {[%clk 00:00:59]} {[%emt 00:00:40]} cxb5 {[%clk 00:01:09]} {[%emt 00:03:25]}
41. Qxd5 {[%clk 00:00:39]} {[%emt 00:00:49]} Qa8 {[%clk 00:27:59]} {[%emt
00:03:41]} 42. Qd3 {[%clk 00:29:16]} {[%emt 00:01:53]} Ke6 {[%clk 00:23:13]}
{[%emt 00:05:15]} 43. Bc5 {[%clk 00:27:52]} {[%emt 00:01:53]} Qd5 {[%clk
00:16:40]} {[%emt 00:07:04]} 44. Qxb5 {[%clk 00:26:11]} {[%emt 00:02:11]} Rc8
{[%clk 00:15:54]} {[%emt 00:01:15]} 45. Qb8 {[%clk 00:20:19]} {[%emt 00:06:23]}
Kd7 {[%clk 00:14:15]} {[%emt 00:02:09]} 46. Bb6 {[%clk 00:19:12]} {[%emt
00:01:38]} Qxf3 {[%clk 00:12:21]} {[%emt 00:02:24]} 47. Ba5 {[%clk 00:18:56]}
{[%emt 00:00:45]} Qh1+ {[%clk 00:11:49]} {[%emt 00:01:02]} 48. Kb2 {[%clk
00:18:56]} {[%emt 00:00:29]} Qxh2+ {[%clk 00:12:12]} {[%emt 00:00:08]} 49. Kb1
{[%clk 00:19:00]} {[%emt 00:00:26]} Qh1+ {[%clk 00:11:13]} {[%emt 00:01:29]}
50. Kb2 {[%clk 00:19:13]} {[%emt 00:00:17]} Qg2+ {[%clk 00:11:42]} {[%emt
00:00:02]} 51. Kb1 {[%clk 00:19:24]} {[%emt 00:00:18]} Qe4+ {[%clk 00:11:59]}
{[%emt 00:00:13]} 52. Kb2 {[%clk 00:19:28]} {[%emt 00:00:27]} Qe2+ {[%clk
00:11:43]} {[%emt 00:00:46]} 53. Kb1 {[%clk 00:19:36]} {[%emt 00:00:20]} Qd3+
{[%clk 00:10:30]} {[%emt 00:01:44]} 54. Kb2 {[%clk 00:19:51]} {[%emt 00:00:15]}
Qd5 {[%clk 00:07:18]} {[%emt 00:03:42]} 55. Bb6 {[%clk 00:18:09]} {[%emt
00:02:13]} Qb5+ {[%clk 00:06:33]} {[%emt 00:01:14]} 56. Kc2 {[%clk 00:17:48]}
{[%emt 00:00:51]} e4 {[%clk 00:05:51]} {[%emt 00:01:12]} 57. Ba7 {[%clk
00:17:35]} {[%emt 00:00:43]} Rxc7+ {[%clk 00:05:45]} {[%emt 00:00:36]} 58. Kd2
{[%clk 00:17:45]} {[%emt 00:00:19]} Qd3+ {[%clk 00:06:00]} {[%emt 00:00:16]}
59. Ke1 {[%clk 00:18:14]} {[%emt 00:00:02]} Rc1+ {[%clk 00:06:18]} {[%emt
00:00:12]} 60. Kf2 {[%clk 00:18:30]} {[%emt 00:00:12]} Qf3# {[%emt 00:00:07]}
0-1

[Event "DEM U14 2024"]
[Site "Willingen GER"]
[Date "2024.05.20"]
[Round "3"]
[White "Nönnig, Jakob"]
[Black "Sasse, Conan"]
[Result "1-0"]
[Termination "normal"]
[Board "22"]
[WhiteElo "1990"]
[BlackElo "1779"]
[WhiteClock "00:03:17"]
[BlackClock "00:03:45"]
[PlyCount "71"]
[WhiteFideId "16289447"]
[BlackFideId "34684336"]
[EventCountry "GER"]
[EventRounds "9"]
[EventType "swiss"]
[EventDate "2024.05.18"]

1. e4 {[%clk 01:30:59]} c5 {[%clk 01:30:50]} {[%emt 00:00:11]} 2. Nf3 {[%clk
01:31:23]} {[%emt 00:00:05]} d6 {[%clk 01:31:13]} {[%emt 00:00:08]} 3. d4
{[%clk 01:31:47]} {[%emt 00:00:05]} cxd4 {[%clk 01:31:38]} {[%emt 00:00:05]} 4.
Nxd4 {[%clk 01:32:11]} {[%emt 00:00:06]} Nf6 {[%clk 01:32:04]} {[%emt
00:00:04]} 5. Nc3 {[%clk 01:32:33]} {[%emt 00:00:08]} Nc6 {[%clk 01:32:11]}
{[%emt 00:00:23]} 6. Be2 {[%clk 01:26:22]} {[%emt 00:06:40]} e6 {[%clk
01:30:56]} {[%emt 00:01:46]} 7. O-O {[%clk 01:23:53]} {[%emt 00:02:59]} Be7
{[%clk 01:29:04]} {[%emt 00:02:22]} 8. Be3 {[%clk 01:23:28]} {[%emt 00:00:54]}
O-O {[%clk 01:29:07]} {[%emt 00:00:28]} 9. f4 {[%clk 01:19:59]} {[%emt
00:04:00]} a6 {[%clk 01:25:15]} {[%emt 00:04:22]} 10. Bf3 {[%clk 01:16:33]}
{[%emt 00:03:55]} Qc7 {[%clk 01:24:44]} {[%emt 00:01:01]} 11. Qd2 {[%clk
01:15:04]} {[%emt 00:01:59]} Bd7 {[%clk 01:23:02]} {[%emt 00:02:13]} 12. Nce2
{[%clk 01:11:27]} {[%emt 00:04:06]} Rfc8 {[%clk 01:18:24]} {[%emt 00:05:08]}
13. c3 {[%clk 01:10:17]} {[%emt 00:01:40]} Na5 {[%clk 01:11:11]} {[%emt
00:07:43]} 14. b3 {[%clk 01:07:56]} {[%emt 00:02:51]} Rab8 {[%clk 01:11:14]}
{[%emt 00:00:27]} 15. g4 {[%clk 00:59:40]} {[%emt 00:08:46]} e5 {[%emt
00:14:04]} 16. Nf5 {[%clk 00:59:30]} Bxf5 {[%clk 00:58:41]} {[%emt 00:00:08]}
17. gxf5 {[%clk 00:59:18]} {[%emt 00:00:42]} b5 {[%clk 00:57:37]} {[%emt
00:01:34]} 18. Rac1 {[%clk 00:57:29]} {[%emt 00:02:19]} Nc6 {[%clk 00:42:46]}
{[%emt 00:15:22]} 19. Kh1 {[%clk 00:50:22]} {[%emt 00:07:36]} Kh8 {[%clk
00:40:01]} {[%emt 00:03:15]} 20. Rg1 {[%clk 00:46:58]} {[%emt 00:03:54]} Rg8
{[%clk 00:39:28]} {[%emt 00:01:03]} 21. Ng3 {[%clk 00:46:15]} {[%emt 00:01:12]}
exf4 {[%clk 00:36:01]} {[%emt 00:03:57]} 22. Bxf4 {[%clk 00:46:29]} {[%emt
00:00:16]} Ne5 {[%clk 00:36:16]} {[%emt 00:00:16]} 23. Qe2 {[%clk 00:42:39]}
{[%emt 00:04:21]} Nxf3 {[%clk 00:30:12]} {[%emt 00:06:33]} 24. Qxf3 {[%clk
00:43:07]} {[%emt 00:00:02]} Nd7 {[%clk 00:30:33]} {[%emt 00:00:09]} 25. Qh5
{[%clk 00:34:19]} {[%emt 00:09:18]} g6 {[%clk 00:28:38]} {[%emt 00:02:25]} 26.
Qh6 {[%clk 00:31:05]} {[%emt 00:03:44]} Nf6 {[%clk 00:23:48]} {[%emt 00:05:21]}
27. h3 {[%clk 00:18:54]} {[%emt 00:12:40]} Qb7 {[%clk 00:11:31]} {[%emt
00:12:47]} 28. Rce1 {[%clk 00:06:07]} {[%emt 00:13:16]} Nxe4 {[%clk 00:06:10]}
{[%emt 00:05:52]} 29. Nxe4 {[%clk 00:03:41]} {[%emt 00:02:56]} gxf5 {[%clk
00:06:33]} {[%emt 00:00:07]} 30. Bxd6 {[%clk 00:01:46]} {[%emt 00:02:25]} Qc6
{[%clk 00:02:12]} {[%emt 00:04:51]} 31. Be5+ {[%clk 00:01:41]} {[%emt
00:00:36]} f6 {[%clk 00:02:33]} {[%emt 00:00:08]} 32. Bxf6+ {[%clk 00:02:04]}
{[%emt 00:00:08]} Bxf6 {[%clk 00:02:54]} {[%emt 00:00:09]} 33. Qxf6+ {[%clk
00:02:29]} {[%emt 00:00:05]} Qxf6 {[%clk 00:03:17]} {[%emt 00:00:06]} 34. Rxg8+
{[%clk 00:02:52]} {[%emt 00:00:07]} Rxg8 {[%clk 00:03:21]} {[%emt 00:00:27]}
35. Nxf6 {[%clk 00:03:17]} {[%emt 00:00:04]} Rf8 {[%clk 00:03:45]} {[%emt
00:00:06]} 36. Re8 {[%emt 00:00:20]} 1-0

[Event "DEM U14 2024"]
[Site "Willingen GER"]
[Date "2024.05.20"]
[Round "3"]
[White "Bangert, Jonas"]
[Black "Keßler, Leo"]
[Result "1-0"]
[Termination "normal"]
[Board "23"]
[WhiteElo "1772"]
[BlackElo "1640"]
[WhiteClock "00:24:28"]
[BlackClock "00:22:57"]
[PlyCount "59"]
[WhiteFideId "16289650"]
[BlackFideId "533000638"]
[EventCountry "GER"]
[EventRounds "9"]
[EventType "swiss"]
[EventDate "2024.05.18"]

1. d4 {[%clk 01:30:58]} {[%emt 00:00:02]} Nf6 {[%clk 01:30:54]} {[%emt
00:00:06]} 2. Nf3 {[%clk 01:31:25]} {[%emt 00:00:04]} g6 {[%clk 01:31:18]}
{[%emt 00:00:05]} 3. c4 {[%clk 01:31:51]} {[%emt 00:00:04]} Bg7 {[%clk
01:31:41]} {[%emt 00:00:07]} 4. Nc3 {[%clk 01:32:17]} {[%emt 00:00:04]} O-O
{[%clk 01:32:03]} {[%emt 00:00:08]} 5. g3 {[%clk 01:32:42]} {[%emt 00:00:05]}
d6 {[%clk 01:31:04]} {[%emt 00:01:29]} 6. Bg2 {[%clk 01:31:46]} {[%emt
00:01:26]} Nc6 {[%clk 01:27:09]} {[%emt 00:04:25]} 7. O-O {[%clk 01:31:14]}
{[%emt 00:01:02]} e5 {[%clk 01:26:23]} {[%emt 00:01:16]} 8. h3 {[%clk
01:30:05]} {[%emt 00:01:39]} h6 {[%clk 01:25:01]} {[%emt 00:01:52]} 9. Be3
{[%clk 01:21:28]} {[%emt 00:09:07]} Nd7 {[%clk 01:15:37]} {[%emt 00:09:54]} 10.
dxe5 {[%clk 01:11:31]} {[%emt 00:10:28]} Ndxe5 {[%clk 01:15:44]} {[%emt
00:00:22]} 11. Nxe5 {[%clk 01:00:48]} {[%emt 00:11:12]} Nxe5 {[%clk 01:15:56]}
{[%emt 00:00:19]} 12. b3 {[%clk 00:57:22]} {[%emt 00:03:56]} f5 {[%clk
01:08:48]} {[%emt 00:07:37]} 13. Qd2 {[%clk 00:56:34]} {[%emt 00:01:19]} Kh7
{[%clk 01:08:16]} {[%emt 00:01:01]} 14. Rad1 {[%clk 00:56:24]} {[%emt
00:00:41]} Qe7 {[%clk 00:57:14]} {[%emt 00:11:31]} 15. f4 {[%clk 00:45:05]}
{[%emt 00:11:49]} Nd7 {[%clk 00:53:24]} {[%emt 00:04:20]} 16. Nd5 {[%clk
00:42:19]} {[%emt 00:03:17]} Qd8 {[%clk 00:53:35]} {[%emt 00:00:18]} 17. Bd4
{[%clk 00:42:09]} {[%emt 00:00:41]} Nf6 {[%clk 00:53:17]} {[%emt 00:00:47]} 18.
Nxf6+ {[%clk 00:40:08]} {[%emt 00:02:31]} Bxf6 {[%clk 00:53:37]} {[%emt
00:00:11]} 19. Kh2 {[%clk 00:37:09]} {[%emt 00:03:29]} c6 {[%clk 00:46:55]}
{[%emt 00:07:11]} 20. Bxf6 {[%clk 00:34:55]} {[%emt 00:02:44]} Rxf6 {[%clk
00:47:16]} {[%emt 00:00:09]} 21. Rf3 {[%clk 00:34:40]} {[%emt 00:00:46]} Rb8
{[%clk 00:31:52]} {[%emt 00:15:54]} 22. Rd3 {[%clk 00:33:05]} {[%emt 00:02:05]}
d5 {[%clk 00:32:13]} {[%emt 00:00:08]} 23. cxd5 {[%clk 00:32:46]} {[%emt
00:00:50]} c5 {[%clk 00:32:39]} {[%emt 00:00:04]} 24. e4 {[%clk 00:25:30]}
{[%emt 00:07:46]} fxe4 {[%clk 00:32:23]} {[%emt 00:00:45]} 25. Re3 {[%clk
00:25:53]} {[%emt 00:00:07]} Rd6 {[%clk 00:28:57]} {[%emt 00:03:56]} 26. Rxe4
{[%clk 00:25:51]} {[%emt 00:00:33]} Qc7 {[%clk 00:24:34]} {[%emt 00:04:53]} 27.
Rde1 {[%clk 00:24:54]} {[%emt 00:01:27]} Bd7 {[%clk 00:23:01]} {[%emt
00:02:03]} 28. Re7+ {[%clk 00:24:14]} {[%emt 00:01:10]} Kg8 {[%clk 00:23:19]}
{[%emt 00:00:12]} 29. Qc3 {[%clk 00:24:10]} {[%emt 00:00:34]} Kf8 {[%clk
00:22:57]} {[%emt 00:00:52]} 30. Qg7# {[%clk 00:24:28]} {[%emt 00:00:11]} 1-0

[Event "DEM U14 2024"]
[Site "Willingen GER"]
[Date "2024.05.20"]
[Round "3"]
[White "Ollhoff, Hannes"]
[Black "Li, Luxuan"]
[Result "0-1"]
[Termination "normal"]
[Board "24"]
[WhiteElo "1755"]
[BlackElo "1709"]
[WhiteClock "00:00:31"]
[BlackClock "00:00:45"]
[PlyCount "52"]
[WhiteFideId "16266927"]
[BlackFideId "34617507"]
[EventCountry "GER"]
[EventRounds "9"]
[EventType "swiss"]
[EventDate "2024.05.18"]

1. d4 {[%clk 01:30:50]} {[%emt 00:00:07]} c6 {[%clk 01:30:58]} {[%emt
00:00:04]} 2. c4 {[%clk 01:30:53]} {[%emt 00:00:27]} Nf6 {[%clk 01:31:24]}
{[%emt 00:00:05]} 3. Nf3 {[%clk 01:28:01]} {[%emt 00:03:21]} b5 {[%clk
01:29:57]} {[%emt 00:01:57]} 4. cxb5 {[%clk 01:24:36]} {[%emt 00:03:56]} cxb5
{[%clk 01:30:17]} {[%emt 00:00:10]} 5. a3 {[%clk 01:22:36]} {[%emt 00:02:29]}
Bb7 {[%clk 01:29:28]} {[%emt 00:01:19]} 6. Nc3 {[%clk 01:20:53]} {[%emt
00:02:14]} a6 {[%clk 01:29:48]} {[%emt 00:00:10]} 7. Bf4 {[%clk 01:19:39]}
{[%emt 00:01:43]} d6 {[%clk 01:28:06]} {[%emt 00:02:12]} 8. e3 {[%clk
01:18:53]} {[%emt 00:01:16]} g6 {[%clk 01:27:40]} {[%emt 00:00:56]} 9. Be2
{[%clk 01:17:02]} {[%emt 00:02:21]} Bg7 {[%clk 01:27:57]} {[%emt 00:00:14]} 10.
O-O {[%clk 01:16:06]} {[%emt 00:01:25]} O-O {[%clk 01:25:51]} {[%emt 00:02:36]}
11. h3 {[%clk 01:12:34]} {[%emt 00:04:02]} Nbd7 {[%clk 01:24:58]} {[%emt
00:01:23]} 12. Rc1 {[%clk 01:07:40]} {[%emt 00:05:24]} Re8 {[%clk 01:24:09]}
{[%emt 00:01:19]} 13. Qd2 {[%clk 01:01:50]} {[%emt 00:06:21]} e5 {[%clk
01:13:41]} {[%emt 00:10:58]} 14. dxe5 {[%clk 00:52:43]} {[%emt 00:09:36]} dxe5
{[%clk 01:13:46]} {[%emt 00:00:25]} 15. Bh2 {[%clk 00:51:49]} {[%emt 00:01:24]}
e4 {[%clk 01:11:34]} {[%emt 00:02:41]} 16. Nd4 {[%clk 00:49:50]} {[%emt
00:02:29]} Qb6 {[%clk 01:07:27]} {[%emt 00:04:37]} 17. b4 {[%clk 00:45:31]}
{[%emt 00:04:50]} Rad8 {[%clk 01:04:28]} {[%emt 00:03:29]} 18. Ncxb5 {[%clk
00:31:15]} {[%emt 00:14:46]} Ne5 {[%clk 00:45:02]} {[%emt 00:19:56]} 19. Bxe5
{[%clk 00:26:04]} {[%emt 00:05:42]} Rxe5 {[%clk 00:45:08]} {[%emt 00:00:23]}
20. Nc3 {[%clk 00:25:43]} {[%emt 00:00:51]} Nd5 {[%clk 00:34:41]} {[%emt
00:10:58]} 21. Na4 {[%clk 00:21:18]} {[%emt 00:04:55]} Qf6 {[%clk 00:29:30]}
{[%emt 00:05:40]} 22. Nc5 {[%clk 00:19:30]} {[%emt 00:02:18]} Bc8 {[%clk
00:25:04]} {[%emt 00:04:57]} 23. Ncb3 {[%clk 00:15:08]} {[%emt 00:04:51]} Qh4
{[%clk 00:06:47]} {[%emt 00:18:47]} 24. Kh2 {[%clk 00:01:19]} {[%emt 00:14:20]}
Nb6 {[%clk 00:03:23]} {[%emt 00:03:53]} 25. Qc2 {[%clk 00:00:55]} {[%emt
00:00:55]} Rg5 {[%clk 00:01:14]} {[%emt 00:02:39]} 26. f4 {[%clk 00:00:31]}
{[%emt 00:00:53]} Qg3+ {[%clk 00:00:45]} {[%emt 00:00:58]} 0-1

[Event "DEM U14 2024"]
[Site "Willingen GER"]
[Date "2024.05.20"]
[Round "3"]
[White "Henn, Jakob"]
[Black "Jablonski, Ture"]
[Result "1-0"]
[Termination "normal"]
[Board "25"]
[WhiteElo "1760"]
[BlackElo "1583"]
[WhiteClock "00:45:45"]
[BlackClock "00:55:26"]
[PlyCount "37"]
[WhiteFideId "34675060"]
[BlackFideId "34640452"]
[EventCountry "GER"]
[EventRounds "9"]
[EventType "swiss"]
[EventDate "2024.05.18"]

1. e4 {[%clk 01:30:57]} {[%emt 00:00:02]} d6 {[%clk 01:30:56]} {[%emt
00:00:04]} 2. d4 {[%clk 01:31:24]} {[%emt 00:00:03]} Nf6 {[%clk 01:31:21]}
{[%emt 00:00:05]} 3. Nc3 {[%clk 01:31:49]} {[%emt 00:00:05]} e5 {[%clk
01:31:47]} {[%emt 00:00:04]} 4. Nf3 {[%clk 01:32:07]} {[%emt 00:00:11]} Nbd7
{[%clk 01:31:37]} {[%emt 00:00:40]} 5. Bc4 {[%clk 01:32:30]} {[%emt 00:00:08]}
Be7 {[%clk 01:28:02]} {[%emt 00:04:05]} 6. O-O {[%clk 01:32:46]} {[%emt
00:00:13]} exd4 {[%clk 01:27:31]} {[%emt 00:01:02]} 7. Nxd4 {[%clk 01:28:07]}
{[%emt 00:05:09]} Ne5 {[%clk 01:23:09]} {[%emt 00:04:51]} 8. Bb3 {[%clk
01:28:03]} {[%emt 00:00:34]} Bg4 {[%clk 01:23:18]} {[%emt 00:00:20]} 9. f3
{[%clk 01:23:48]} {[%emt 00:04:46]} Bh5 {[%clk 01:23:33]} {[%emt 00:00:15]} 10.
Nf5 {[%clk 01:20:13]} {[%emt 00:04:05]} O-O {[%clk 01:18:04]} {[%emt 00:05:59]}
11. Qe1 {[%clk 01:16:39]} {[%emt 00:04:04]} Bg6 {[%clk 01:17:54]} {[%emt
00:00:39]} 12. Nxe7+ {[%clk 01:09:26]} {[%emt 00:07:45]} Qxe7 {[%clk 01:18:13]}
{[%emt 00:00:11]} 13. Bg5 {[%clk 01:04:55]} {[%emt 00:05:01]} Ned7 {[%clk
01:12:43]} {[%emt 00:06:00]} 14. Nd5 {[%clk 01:01:07]} {[%emt 00:04:18]} Qe5
{[%clk 01:10:05]} {[%emt 00:03:05]} 15. Bf4 {[%clk 00:52:36]} {[%emt 00:09:04]}
Qxb2 {[%clk 00:58:56]} {[%emt 00:11:39]} 16. Nxc7 {[%clk 00:50:57]} {[%emt
00:02:09]} Rac8 {[%clk 00:58:29]} {[%emt 00:00:56]} 17. Qb4 {[%clk 00:50:29]}
{[%emt 00:00:58]} Kh8 {[%clk 00:55:26]} {[%emt 00:03:34]} 18. Rab1 {[%clk
00:49:54]} {[%emt 00:01:05]} a5 {[%clk 00:55:26]} {[%emt 00:00:30]} 19. Qd2
{[%clk 00:45:45]} {[%emt 00:04:39]} 1-0

[Event "DEM U14 2024"]
[Site "Willingen GER"]
[Date "2024.05.21"]
[Round "4"]
[White "Besou, Hussain"]
[Black "Nechitaylo, Nikita"]
[Result "1/2-1/2"]
[Termination "normal"]
[Board "1"]
[WhiteTitle "FM"]
[BlackTitle "CM"]
[WhiteElo "2260"]
[BlackElo "2212"]
[WhiteClock "00:27:54"]
[BlackClock "00:02:47"]
[PlyCount "73"]
[WhiteFideId "16269950"]
[BlackFideId "34138161"]
[EventCountry "GER"]
[EventRounds "9"]
[EventType "swiss"]
[EventDate "2024.05.18"]

1. e4 {[%clk 01:30:58]} {[%emt 00:00:01]} c5 {[%clk 01:30:57]} {[%emt
00:00:04]} 2. Nf3 {[%clk 01:31:23]} {[%emt 00:00:04]} e6 {[%clk 01:31:25]}
{[%emt 00:00:03]} 3. d4 {[%clk 01:31:47]} {[%emt 00:00:06]} cxd4 {[%clk
01:31:52]} {[%emt 00:00:04]} 4. Nxd4 {[%clk 01:32:11]} {[%emt 00:00:06]} a6
{[%clk 01:32:20]} {[%emt 00:00:01]} 5. Bd3 {[%clk 01:32:13]} {[%emt 00:00:28]}
Bc5 {[%clk 01:32:44]} {[%emt 00:00:06]} 6. Nb3 {[%clk 01:32:37]} {[%emt
00:00:05]} Ba7 {[%clk 01:33:09]} {[%emt 00:00:05]} 7. O-O {[%clk 01:32:19]}
{[%emt 00:00:48]} Nc6 {[%clk 01:32:46]} {[%emt 00:00:54]} 8. Qg4 {[%clk
01:29:34]} {[%emt 00:03:15]} Nf6 {[%clk 01:28:48]} {[%emt 00:04:29]} 9. Qe2
{[%clk 01:18:41]} {[%emt 00:11:23]} d6 {[%clk 01:22:53]} {[%emt 00:06:25]} 10.
Be3 {[%clk 01:17:53]} {[%emt 00:01:16]} O-O {[%clk 01:19:07]} {[%emt 00:04:16]}
11. Nc3 {[%clk 01:15:04]} {[%emt 00:03:21]} b5 {[%clk 01:16:18]} {[%emt
00:03:19]} 12. a3 {[%clk 01:12:24]} {[%emt 00:03:09]} Qc7 {[%clk 01:11:11]}
{[%emt 00:05:36]} 13. Bxa7 {[%clk 01:00:19]} {[%emt 00:12:37]} Qxa7 {[%clk
01:11:18]} {[%emt 00:00:23]} 14. Kh1 {[%clk 00:57:47]} {[%emt 00:03:02]} e5
{[%clk 01:09:51]} {[%emt 00:01:56]} 15. f4 {[%clk 00:56:01]} {[%emt 00:02:16]}
Be6 {[%clk 01:05:30]} {[%emt 00:04:50]} 16. Nd5 {[%clk 00:42:30]} {[%emt
00:14:02]} Bxd5 {[%clk 00:45:00]} {[%emt 00:21:00]} 17. exd5 {[%clk 00:42:25]}
{[%emt 00:00:35]} Nd4 {[%clk 00:45:05]} {[%emt 00:00:25]} 18. Nxd4 {[%clk
00:42:37]} {[%emt 00:00:18]} Qxd4 {[%clk 00:16:26]} {[%emt 00:29:09]} 19. fxe5
{[%clk 00:42:14]} {[%emt 00:00:53]} Qxe5 {[%clk 00:16:49]} {[%emt 00:00:07]}
20. Qxe5 {[%clk 00:42:21]} {[%emt 00:00:22]} dxe5 {[%clk 00:17:16]} {[%emt
00:00:04]} 21. c4 {[%clk 00:40:04]} {[%emt 00:02:46]} e4 {[%clk 00:15:34]}
{[%emt 00:02:13]} 22. Be2 {[%clk 00:36:35]} {[%emt 00:03:58]} bxc4 {[%clk
00:16:01]} {[%emt 00:00:04]} 23. Bxc4 {[%clk 00:37:00]} {[%emt 00:00:04]} Rfd8
{[%clk 00:16:17]} {[%emt 00:00:15]} 24. Rad1 {[%clk 00:35:35]} {[%emt
00:01:54]} Rd6 {[%clk 00:09:29]} {[%emt 00:07:19]} 25. Rd4 {[%clk 00:34:07]}
{[%emt 00:01:58]} Re8 {[%clk 00:07:44]} {[%emt 00:02:15]} 26. Re1 {[%clk
00:33:32]} {[%emt 00:01:04]} Re5 {[%clk 00:07:02]} {[%emt 00:01:13]} 27. Kg1
{[%clk 00:33:02]} {[%emt 00:00:59]} e3 {[%clk 00:07:08]} {[%emt 00:00:25]} 28.
Rd3 {[%clk 00:31:36]} {[%emt 00:01:55]} Nxd5 {[%clk 00:04:26]} {[%emt
00:03:12]} 29. Bxd5 {[%clk 00:31:14]} {[%emt 00:00:52]} Rdxd5 {[%clk 00:04:20]}
{[%emt 00:00:37]} 30. Rxd5 {[%clk 00:28:44]} {[%emt 00:02:59]} Rxd5 {[%clk
00:04:45]} {[%emt 00:00:06]} 31. Rxe3 {[%clk 00:29:10]} {[%emt 00:00:03]} f5
{[%clk 00:04:36]} {[%emt 00:00:39]} 32. Rb3 {[%clk 00:28:28]} {[%emt 00:01:13]}
Kf7 {[%clk 00:03:35]} {[%emt 00:01:30]} 33. Rb6 {[%clk 00:28:05]} {[%emt
00:00:54]} a5 {[%clk 00:02:58]} {[%emt 00:01:08]} 34. Kf2 {[%clk 00:27:45]}
{[%emt 00:00:48]} Rd2+ {[%clk 00:03:14]} {[%emt 00:00:15]} 35. Kf3 {[%clk
00:28:09]} {[%emt 00:00:06]} a4 {[%clk 00:03:33]} {[%emt 00:00:11]} 36. h4
{[%clk 00:27:54]} {[%emt 00:00:44]} g6 {[%clk 00:02:47]} {[%emt 00:01:17]} 37.
g3 {[%emt 00:03:51]} 1/2-1/2